[Event "XVI. DBMM Schach"]
[Site "Dresden"]
[Date "2016.11.06"]
[Round "7.4"]
[White "Hoffmann, Frank"]
[Black "Dreisbach, Kai"]
[Result "1-0"]
[WhiteElo "1492"]
[BlackElo "1500"]
[Annotator "fb"]
[PlyCount "75"]
[EventDate "2016.11.??"]
[SourceTitle "XVI. DBMM 2016"]
[Source "FV Schach e.V."]
[SourceDate "2017.06.14"]
[SourceVersion "1"]
[SourceVersionDate "2017.06.14"]
[SourceQuality "1"]
[WhiteTeam "Commerzbank Frankfurt II"]
[BlackTeam "Sparkassen-Versicherung Stuttgart II"]
[WhiteTeamCountry "GER"]
[BlackTeamCountry "GER"]

1. e4 e5 2. Nf3 Nc6 3. d4 exd4 4. Nxd4 Bc5 5. Nxc6 bxc6 6. Bc4 Bb7 7. O-O Ne7
8. Re1 O-O 9. Nc3 d5 10. Bd3 dxe4 11. Bxe4 Qxd1 12. Rxd1 Rad8 13. Bf4 Bd6 14.
Bxd6 cxd6 15. Rd2 f5 16. Bf3 Ng6 17. Rad1 d5 18. Na4 Ne5 19. Be2 Rb8 20. a3 Bc8
21. f4 Ng6 22. g3 Re8 23. Kf2 Nf8 24. Nc5 Rb5 25. Bxb5 cxb5 26. Rxd5 a6 27. Rd8
Kf7 28. a4 bxa4 29. Nxa4 Ne6 30. Rxe8 Kxe8 31. Re1 Kd7 32. c3 Kc6 33. Re5 g6
34. b4 h5 35. Ke3 Kd6 36. Nc5 Nxc5 37. Rxc5 Bb7 38. Kd4 1-0

[Event "XVI. DBMM Schach"]
[Site "Dresden"]
[Date "2016.11.06"]
[Round "7.1"]
[White "Leube, Oliver"]
[Black "Warnest, Stefan"]
[Result "1-0"]
[WhiteElo "1928"]
[BlackElo "1467"]
[Annotator "br"]
[PlyCount "85"]
[EventDate "2016.11.??"]
[SourceTitle "XVI. DBMM 2016"]
[Source "FV Schach e.V."]
[SourceDate "2017.06.14"]
[SourceVersion "1"]
[SourceVersionDate "2017.06.14"]
[SourceQuality "1"]
[WhiteTeam "Transit Hamburg II"]
[BlackTeam "BA Tempelhof Berlin III"]
[WhiteTeamCountry "GER"]
[BlackTeamCountry "GER"]

1. d4 Nf6 2. c4 g6 3. Nc3 d5 4. cxd5 Nxd5 5. e4 Nxc3 6. bxc3 Bg7 7. Bc4 c5 8.
Ne2 cxd4 9. cxd4 O-O 10. O-O Nc6 11. Be3 e6 12. Rc1 a6 13. Qd2 Qa5 14. Rfd1
Qxd2 15. Rxd2 Re8 16. h3 Na5 17. Bd3 b5 18. d5 exd5 19. exd5 Bb7 20. Bb6 Nc4
21. Bxc4 bxc4 22. Rcd1 c3 23. Rc2 a5 24. Bd4 Bxd4 25. Rxd4 Rad8 26. Nxc3 Re1+
27. Kh2 Re5 28. Rcd2 h5 29. h4 g5 30. Kg3 g4 31. Kf4 f6 32. f3 Bc8 33. d6 Bd7
34. Rd5 Rde8 35. Ne4 Kg7 36. Nc5 Rxd5 37. Rxd5 gxf3 38. gxf3 Bc6 39. d7 Bxd7
40. Rxd7+ Kg6 41. Ne4 Re6 42. Rd5 Ra6 43. a4 1-0

[Event "XVI. DBMM Schach"]
[Site "Dresden"]
[Date "2016.11.06"]
[Round "7.2"]
[White "Meseck, Michael"]
[Black "Supplieth, Joerg"]
[Result "0-1"]
[WhiteElo "1529"]
[BlackElo "1731"]
[Annotator "br"]
[PlyCount "63"]
[EventDate "2016.11.??"]
[SourceTitle "XVI. DBMM 2016"]
[Source "FV Schach e.V."]
[SourceDate "2017.06.14"]
[SourceVersion "1"]
[SourceVersionDate "2017.06.14"]
[SourceQuality "1"]
[WhiteTeam "BA Tempelhof Berlin III"]
[BlackTeam "Transit Hamburg II"]
[WhiteTeamCountry "GER"]
[BlackTeamCountry "GER"]

1. d4 d5 2. c4 c6 3. Nc3 Nf6 4. Bg5 h6 5. Bxf6 gxf6 6. e4 dxe4 7. Nxe4 Bg7 8.
Nc3 Qb6 9. b3 f5 10. Nge2 Nd7 11. g3 h5 12. h4 c5 13. d5 Nf6 14. Bg2 Ne4 15.
Bxe4 fxe4 16. Rc1 Bg4 17. Nxe4 Bf3 18. Ng5 Bxh1 19. Nf4 Bf6 20. Ngh3 Qd6 21.
Qe2 Qe5 22. Nd3 Qxe2+ 23. Kxe2 Be4 24. Nxc5 Bf5 25. Nxb7 Bxh3 26. d6 exd6 27.
Nxd6+ Ke7 28. c5 Rhd8 29. Nb7 Rd5 30. f4 Rg8 31. c6 Rxg3 32. c7 0-1

[Event "XVI. DBMM Schach"]
[Site "Dresden"]
[Date "2016.11.06"]
[Round "7.3"]
[White "Schroeder, Kai Uwe"]
[Black "Frahm, Werner"]
[Result "1/2-1/2"]
[WhiteElo "1858"]
[BlackElo "1568"]
[Annotator "br"]
[PlyCount "57"]
[EventDate "2016.11.??"]
[SourceTitle "XVI. DBMM 2016"]
[Source "FV Schach e.V."]
[SourceDate "2017.06.14"]
[SourceVersion "1"]
[SourceVersionDate "2017.06.14"]
[SourceQuality "1"]
[WhiteTeam "Transit Hamburg II"]
[BlackTeam "BA Tempelhof Berlin III"]
[WhiteTeamCountry "GER"]
[BlackTeamCountry "GER"]

1. e4 c5 2. Nf3 Nc6 3. Nc3 d6 4. g3 g6 5. Bg2 Bg7 6. O-O Bg4 7. h3 Bd7 8. d3
Rb8 9. Be3 b5 10. Qd2 Nd4 11. Kh2 Qc8 12. Ng1 b4 13. Nd1 h5 14. c3 bxc3 15.
bxc3 Ne6 16. Nf3 Nh6 17. Ng5 Nxg5 18. Bxg5 f6 19. Be3 g5 20. f4 Nf7 21. Qf2 g4
$11 22. h4 Rb6 23. Rc1 Qa6 24. Nb2 O-O 25. Nc4 Ba4 26. Qd2 Rb5 27. Na3 Ra5 28.
Nc4 Rb5 29. Na3 1/2-1/2

[Event "XVI. DBMM Schach"]
[Site "Dresden"]
[Date "2016.11.06"]
[Round "7.4"]
[White "Mahler, Sonja"]
[Black "Rulfs, Ernst August"]
[Result "1-0"]
[WhiteElo "1553"]
[BlackElo "1598"]
[Annotator "br"]
[PlyCount "54"]
[EventDate "2016.11.??"]
[SourceTitle "XVI. DBMM 2016"]
[Source "FV Schach e.V."]
[SourceDate "2017.06.14"]
[SourceVersion "1"]
[SourceVersionDate "2017.06.14"]
[SourceQuality "1"]
[WhiteTeam "BA Tempelhof Berlin III"]
[BlackTeam "Transit Hamburg II"]
[WhiteTeamCountry "GER"]
[BlackTeamCountry "GER"]

1. d4 Nf6 2. Bf4 g6 3. e3 Bg7 4. c4 c5 5. Bd3 cxd4 6. Na3 dxe3 7. Bxe3 d6 8. f3
O-O 9. Qb3 Nbd7 10. Qb4 b6 11. Rd1 Nc5 12. Bb1 a5 13. Qd2 Ba6 14. Qf2 Nfd7 15.
Nh3 Bxb2 16. Qxb2 Ne5 17. Bh6 Re8 18. f4 e6 19. Ng5 f6 20. fxe5 fxg5 21. exd6
Qd7 22. O-O Rab8 23. Rf6 Rb7 24. Bxg6 hxg6 25. Rxg6+ Kh7 26. Qc2 Rg8 27. Rg7+
Kh8 1-0

[Event "XVI. DBMM Schach"]
[Site "Dresden"]
[Date "2016.11.06"]
[Round "7.1"]
[White "Obermeier, Karlheinz"]
[Black "Decker, Ingo"]
[Result "1/2-1/2"]
[WhiteElo "1525"]
[BlackElo "1668"]
[Annotator "br"]
[PlyCount "53"]
[EventDate "2016.11.??"]
[SourceTitle "XVI. DBMM 2016"]
[Source "FV Schach e.V."]
[SourceDate "2017.06.14"]
[SourceVersion "1"]
[SourceVersionDate "2017.06.14"]
[SourceQuality "1"]
[WhiteTeam "ADAC Muenchen II"]
[BlackTeam "SG Airbus Bremen"]
[WhiteTeamCountry "GER"]
[BlackTeamCountry "GER"]

1. e4 e5 2. Nf3 Nc6 3. d4 exd4 4. Nxd4 Ne5 5. Bf4 Ng6 6. Bg3 Bc5 7. Nf5 Kf8 8.
Bc4 d6 9. Ne3 Qe7 10. Nd2 Bxe3 11. fxe3 Be6 12. Bd3 Ne5 13. Be2 Nf6 14. O-O h6
15. Nf3 Bg4 16. Nxe5 Bxe2 17. Qxe2 dxe5 18. Qc4 Kg8 19. Rf5 Ng4 20. Qc3 g6 21.
Rf3 h5 22. h3 h4 23. Bh2 Nxh2 24. Kxh2 Rd8 $11 25. Raf1 Rh7 26. Qc4 Rd2 27. Rf6
1/2-1/2

[Event "XVI. DBMM Schach"]
[Site "Dresden"]
[Date "2016.11.06"]
[Round "7.2"]
[White "Jacobsen, Ruediger"]
[Black "Socher, Sabrina"]
[Result "1/2-1/2"]
[WhiteElo "1524"]
[BlackElo "1565"]
[Annotator "br"]
[PlyCount "43"]
[EventDate "2016.11.??"]
[SourceTitle "XVI. DBMM 2016"]
[Source "FV Schach e.V."]
[SourceDate "2017.06.14"]
[SourceVersion "1"]
[SourceVersionDate "2017.06.14"]
[SourceQuality "1"]
[WhiteTeam "SG Airbus Bremen"]
[BlackTeam "ADAC Muenchen II"]
[WhiteTeamCountry "GER"]
[BlackTeamCountry "GER"]

1. e4 e5 2. Nc3 Nf6 3. Bc4 Bc5 4. d3 h6 5. Nf3 Nc6 6. Na4 Bb6 7. a3 d6 8. Nxb6
axb6 9. h3 Qe7 10. O-O O-O 11. Nh2 Na5 12. Ba2 Be6 13. Bb1 Nh7 14. f4 f5 15.
exf5 Bxf5 16. Ba2+ Be6 17. Qg4 Bxa2 18. Rxa2 Nf6 19. Qg6 Qf7 20. Qxf7+ Rxf7 21.
f5 Nc6 22. c3 1/2-1/2

[Event "XVI. DBMM Schach"]
[Site "Dresden"]
[Date "2016.11.06"]
[Round "7.3"]
[White "Zunk, Olaf"]
[Black "Mikoteit, Siegfried"]
[Result "0-1"]
[WhiteElo "1347"]
[BlackElo "1288"]
[Annotator "br"]
[PlyCount "52"]
[EventDate "2016.11.??"]
[SourceTitle "XVI. DBMM 2016"]
[Source "FV Schach e.V."]
[SourceDate "2017.06.14"]
[SourceVersion "1"]
[SourceVersionDate "2017.06.14"]
[SourceQuality "1"]
[WhiteTeam "ADAC Muenchen II"]
[BlackTeam "SG Airbus Bremen"]
[WhiteTeamCountry "GER"]
[BlackTeamCountry "GER"]

1. b3 e5 2. Bb2 Nc6 3. e3 d5 4. Bb5 Bd6 5. d4 e4 6. Nc3 Nf6 7. Bxc6+ bxc6 8.
Qd2 Qe7 9. O-O-O Ba3 10. Nge2 Bxb2+ 11. Kxb2 a5 12. Na4 Be6 13. Nec3 Nd7 14. h3
O-O 15. f4 exf3 16. gxf3 Rfb8 17. Rdg1 Nb6 18. Nxb6 cxb6 19. Rg3 b5 20. e4 a4
21. exd5 cxd5 22. Qe2 axb3 23. cxb3 Qa3+ 24. Kb1 b4 25. Nd1 Bf5+ 26. Ka1 Qc1#
0-1

[Event "XVI. DBMM Schach"]
[Site "Dresden"]
[Date "2016.11.06"]
[Round "7.4"]
[White "Waltz, Juergen"]
[Black "Zunk, Steffi"]
[Result "1-0"]
[WhiteElo "1400"]
[BlackElo "804"]
[Annotator "br"]
[PlyCount "41"]
[EventDate "2016.11.??"]
[SourceTitle "XVI. DBMM 2016"]
[Source "FV Schach e.V."]
[SourceDate "2017.06.14"]
[SourceVersion "1"]
[SourceVersionDate "2017.06.14"]
[SourceQuality "1"]
[WhiteTeam "SG Airbus Bremen"]
[BlackTeam "ADAC Muenchen II"]
[WhiteTeamCountry "GER"]
[BlackTeamCountry "GER"]

1. d4 d5 2. c4 dxc4 3. e3 Nf6 4. Bxc4 e6 5. a3 Bd6 6. Nf3 a6 7. O-O Nbd7 8. Nc3
c6 9. b4 b5 10. Bb3 Qe7 11. Re1 O-O 12. Bb2 Bb7 13. e4 e5 14. Qc2 c5 15. dxc5
Nxc5 16. bxc5 Bxc5 17. a4 b4 18. Nd5 Qd6 19. Rad1 Rfe8 20. Nxf6+ Qxf6 21. Qxc5
1-0